<?xml version="1.0" encoding="UTF-8"?>
<collection xmlns="http://www.loc.gov/MARC21/slim">
  <record>
    <leader>00000nam  2200000   4500</leader>
    <controlfield tag="001">INLIS000000000018246</controlfield>
    <controlfield tag="005">20240918122009</controlfield>
    <datafield tag="035" ind1="#" ind2="#">
      <subfield code="a">0010-0924000075</subfield>
    </datafield>
    <controlfield tag="007">ta</controlfield>
    <controlfield tag="008">240918################|##########|#|##</controlfield>
    <datafield tag="084" ind1="#" ind2="#">
      <subfield code="a">R 082 PIM I 2023</subfield>
    </datafield>
    <datafield tag="100" ind1=" " ind2="#">
      <subfield code="a">Yulia Agustin Selfa Triana</subfield>
    </datafield>
    <datafield tag="245" ind1="1" ind2="#">
      <subfield code="a">Membangun Perencanaan Anggaran Berbasis Risiko Guna Meningkatkan Akuntabilitas Kinerja Pada Polri /</subfield>
      <subfield code="c">Yulia Agustin Selfa Triana</subfield>
    </datafield>
    <datafield tag="260" ind1="#" ind2="#">
      <subfield code="a">Jakarta :</subfield>
      <subfield code="b">Pusbangkom Pimnas dan Manajerial ASN,</subfield>
      <subfield code="c">2023</subfield>
    </datafield>
    <datafield tag="300" ind1="#" ind2="#">
      <subfield code="a">87 halaman ;</subfield>
      <subfield code="c">30 cm</subfield>
    </datafield>
    <datafield tag="650" ind1="#" ind2="4">
      <subfield code="a">Perencanaan Anggaran</subfield>
    </datafield>
    <datafield tag="650" ind1="#" ind2="4">
      <subfield code="a">Manajemen Risiko</subfield>
    </datafield>
    <datafield tag="520" ind1="#" ind2="#">
      <subfield code="a">Perencanaan anggaran berbasis risiko guna meningkatkan akuntabilitas kinerja adalah suatu kegiatan yang secara langsung memberikan gambaran kinerja efektif, efisien dan akuntabel pada organisasi dan masyarakat. Hasil review menghasilkan informasi pengambilan keputusan yang lebih dapat diandalkan, tidak bergantung pada siapa yang bertugas tetapi kepada SOP dan kompetensi yang dimiliki anggota. Satu langkah ini semoga menjadi perbaikan yang berkelanjutan bagi langkah-langkah lainnya. Selain itu juga peningkatan terjalinnya kerjasama Polda dengan stakeholder untuk menghasilkan produk Perencanaan Anggaran Berbasis Risiko sebagai acuan satker dalam mendapatkan dan mengelola dukungan anggaran yang lebih ideal, telah mendasari dengan mitigasi risiko pada masing-masing satker guna meningkatkan akuntabilitas kinerja dalam mendukung pelaksanaan tugas pokok Polri yaitu menjaga dan memelihara kamtibmas, melindungi, mengayomi dan melayani masyrakat, sehingga berdampak pada meningkatnya kepercayaan masyarakat.</subfield>
    </datafield>
    <datafield tag="856" ind1="#" ind2="#">
      <subfield code="a">Perpustakaan LAN Pusat</subfield>
    </datafield>
    <datafield tag="990" ind1="#" ind2="#">
      <subfield code="a">24.09.082</subfield>
    </datafield>
  </record>
</collection>
